Negociacin̤ de Disputas Legales ±A la sombra del litigio» /

Detalles Bibliográficos
Autor principal: Villarij, Montserrat
Formato: eBook
Lenguaje:español
Publicado: Barcelona: J.M. Bosch Editor, 2018
Materias:
Acceso en línea:Acceso restringido

MARC

LEADER 00000nam a22000007a 4500
005 2019040408488.0
007 cr|||| ||||
008 190404s2018 es |||||s|||| 00||0 spa d
020 |a 978-84-947929-3-9 
035 |a 23070 
040 |a vLex 
090 |c 8553  |d 8553 
100 1 |a Villarij, Montserrat 
245 1 0 |a Negociacin̤ de Disputas Legales  |h [Recurso electrn̤ico] :  |b ±A la sombra del litigio» /  |c Montserrat Villarij 
256 |a Servicio en ln̕ea 
260 |a Barcelona:  |b J.M. Bosch Editor,  |c 2018 
300 |a 1 recurso electrn̤ico 
500 |a Esta obra versa sobre la negociacin̤ de disputas legales. El papel desempeądo por el profesional de la abogaca̕ se sita︢ en el centro del anl̀isis, al imprimir su intervencin̤ una serie de elementos distintivos que configuran esta tipologa̕ de negociaciones como un m̀bito diferenciado, merecedor por tanto, de un tratamiento especf̕ico, al que los profesionales espaǫles no estǹ, al menos hasta ahora, habituados. El lector se encuentra ante una obra novedosa, ya que el texto aborda una serie de temt̀icas relativas a la actividad del abogado como negociador de disputas legales que hasta ahora no se haba̕n contemplado de forma combinada y sistemt̀ica en la literatura espaǫla referida al m̀bito legal. Los diferentes capt̕ulos que componen la obra tratan temas diversos, pero a la vez estrechamente relacionados como: los diferentes enfoques y modelos de negociacin̤ en contextos legales, la relacin̤ del abogado con el cliente en las negociaciones, los parm̀etros para comparar la viabilidad y conveniencia de la negociacin̤ frente al litigio, la importancia de atribuir un valor al caso para litigar, la necesidad de intentar prever el potencial acuerdo fruto de una negociacin̤ y la incidencia del ordenamiento jurd̕ico en un proceso privado de resolucin̤ dela disputa legal como es la negociacin̤. La autora lleva a cabo un anl̀isis que encierra una buena dosis de crt̕ica respecto a la extendida creencia de que “siempre es mejor negociar”. A lo largo del texto, se pone de manifiesto la imperiosa necesidad de evitar el uso indiscriminado de la negociacin̤ para resolver disputas legales, sugiriendo la conveniencia de un estudio riguroso por parte del abogado para tomar, probablemente, la decisin̤ ms̀ transcendental en la resolucin̤ del caso que le encomienda el cliente: la de litigar o negociar. 
506 1 |a Disponible solo en los productos indicados  |d vLex Global  |d vLex Global (Academic Edition, excluding Law Schools)  |d vLex Global (U.S. Academic Edition, Law Schools)  |d vLex Global (U.S. Academic Edition, excluding Law Schools)  |d vLex Global (Academic Edition, Law Schools) 
650 0 4 |a Abogados  |z Espaą 
740 0 |a vLex Libros (Servicio en ln̕ea) 
856 4 0 |u http://vlex.com/source/negociacion-de-disputas-legales-a-la-sombra-del-litigio--23070  |z Acceso restringido 
942 |c BOOK 
999 0 |a Lawyers